MAA měsíčník pro management a aplikace výpočetní techniky

Gespeichert in:
Bibliographische Detailangaben
Format: Schriftenreihe
Sprache:Tschechisch
Veröffentlicht: Praha APP Group 1993
Schlagworte:
Tags: Tag hinzufügen
Keine Tags, Fügen Sie das erste Tag hinzu!

MARC

LEADER 00000nas2a2200000 4500
001 s013828
005 20240109100339.8
041 0 |a cze 
044 |a CZ 
245 1 0 |a MAA  |b měsíčník pro management a aplikace výpočetní techniky 
264 1 |a Praha  |b APP Group  |c 1993 
300 |a 1 zv. 
773 0 |w eu_un_cat*s120455 
610 2 0 |a administratíva 
610 2 0 |a mechanizácia 
610 2 0 |a automatizácia 
610 2 0 |a manažment